|
|
|
|
| LEADER |
00000caa a22000002c 4500 |
| 001 |
1170372198 |
| 003 |
DE-627 |
| 005 |
20220524131603.0 |
| 007 |
tu |
| 008 |
020821s2002 xx ||||| 00| ||ger c |
| 020 |
|
|
|a 3789080365
|
| 035 |
|
|
|a (DE-627)1170372198
|
| 035 |
|
|
|a (DE-576)100372198
|
| 035 |
|
|
|a (DE-599)BSZ100372198
|
| 040 |
|
|
|a DE-627
|b ger
|c DE-627
|e rakwb
|
| 041 |
|
|
|a ger
|
| 100 |
1 |
|
|a Schwind, Hans-Dieter
|d 1936-2025
|0 (DE-588)115566481
|0 (DE-627)077333578
|0 (DE-576)163016194
|4 aut
|
| 109 |
|
|
|a Schwind, Hans-Dieter 1936-2025
|a Schwind, Hans Dieter 1936-2025
|a Schwind, Hans-Dieter Raiko 1936-2025
|a Schwind, Hans D. 1936-2025
|
| 245 |
1 |
0 |
|a Statistikbegleitende Dunkelfeldforschung als Postulat im "Ersten Periodischen Sicherheitsbericht" (der Bundesregierung)
|c Hans-Dieter Schwind
|
| 264 |
|
1 |
|c 2002
|
| 300 |
|
|
|a S. [471] - 486
|
| 336 |
|
|
|a Text
|b txt
|2 rdacontent
|
| 337 |
|
|
|a ohne Hilfsmittel zu benutzen
|b n
|2 rdamedia
|
| 338 |
|
|
|a Band
|b nc
|2 rdacarrier
|
| 773 |
0 |
8 |
|i In
|t Festschrift für Klaus Rolinski
|b 1. Aufl.
|d Baden-Baden : Nomos-Verlagsgesellschaft, 2002
|g (2002), Seite [471] - 486
|h XIII, 507 S
|w (DE-627)349091668
|w (DE-576)099778165
|z 3789080365
|7 nnam
|
| 773 |
1 |
8 |
|g year:2002
|g pages:[471] - 486
|
| 935 |
|
|
|a mkri
|
| 951 |
|
|
|a AR
|
| ELC |
|
|
|b 1
|
| LOK |
|
|
|0 000 xxxxxcx a22 zn 4500
|
| LOK |
|
|
|0 001 2415538493
|
| LOK |
|
|
|0 003 DE-627
|
| LOK |
|
|
|0 004 1170372198
|
| LOK |
|
|
|0 005 20100508153543
|
| LOK |
|
|
|0 008 020821||||||||||||||||ger|||||||
|
| LOK |
|
|
|0 040
|a DE-21-24
|c DE-627
|d DE-21-24
|
| LOK |
|
|
|0 689
|a s
|a Kriminalität (Dunkelziffer)
|
| LOK |
|
|
|0 852
|a DE-21-24
|
| LOK |
|
|
|0 852 1
|c In: J,IVa,139
|m p
|9 00
|
| LOK |
|
|
|0 935
|a uwfe
|
| LOK |
|
|
|0 936ln
|a In: J,IVa,
|
| LOK |
|
|
|0 938
|k p
|
| LOK |
|
|
|0 939
|a 21-08-02
|b l01
|
| LOK |
|
|
|0 000 xxxxxcx a22 zn 4500
|
| LOK |
|
|
|0 001 2899387634
|
| LOK |
|
|
|0 003 DE-627
|
| LOK |
|
|
|0 004 1170372198
|
| LOK |
|
|
|0 005 20251016153203
|
| LOK |
|
|
|0 008 160208||||||||||||||||ger|||||||
|
| LOK |
|
|
|0 040
|a DE-21-110
|c DE-627
|d DE-21-110
|
| LOK |
|
|
|0 689
|a s
|a Methodenfragen
|
| LOK |
|
|
|0 689
|a s
|a Dunkelfeldforschung
|
| LOK |
|
|
|0 689
|a s
|a Sicherheitsbericht
|
| LOK |
|
|
|0 689
|a s
|a Opferbefragung
|
| LOK |
|
|
|0 852
|a DE-21-110
|
| LOK |
|
|
|0 852 1
|m p
|9 00
|
| LOK |
|
|
|0 935
|a k110
|
| LOK |
|
|
|0 938
|k p
|
| LOK |
|
|
|0 939
|a 08-02-16
|b l01
|
| ORI |
|
|
|a SA-MARC-krimdoka001.raw
|